An investigation into terminology learning strategies used by EFL students at people's police colllege 2 : Master of education program principles and methods in English language education
This thesis introduce about investigation into terminology learning strategies used by EFL students at people's police colllege 2.
Đã lưu trong:
| 主要作者: | |
|---|---|
| 格式: | 图书 |
| 语言: | Undetermined |
| 出版: |
Can Tho
Can Tho university
2018
|
| 主题: | |
| 标签: |
添加标签
没有标签, 成为第一个标记此记录!
|
| Thư viện lưu trữ: | Trung tâm Học liệu Trường Đại học Cần Thơ |
|---|
| LEADER | 00960nam a2200217Ia 4500 | ||
|---|---|---|---|
| 001 | CTU_227407 | ||
| 008 | 210402s9999 xx 000 0 und d | ||
| 082 | |a 420.7 | ||
| 082 | |b Gi106 | ||
| 100 | |a Phạm, Thị Thanh Giang | ||
| 245 | 3 | |a An investigation into terminology learning strategies used by EFL students at people's police colllege 2 : | |
| 245 | 0 | |b Master of education program principles and methods in English language education | |
| 245 | 0 | |c Phạm Thị Thanh Giang ; Nguyễn Huỳnh Trang (người hướng dẫn khoa học) | |
| 260 | |a Can Tho | ||
| 260 | |b Can Tho university | ||
| 260 | |c 2018 | ||
| 520 | |a This thesis introduce about investigation into terminology learning strategies used by EFL students at people's police colllege 2. | ||
| 650 | |a English language,Tiếng Anh | ||
| 650 | |x Study and teaching,Học và dạy học | ||
| 910 | |b dqhieu | ||
| 980 | |a Trung tâm Học liệu Trường Đại học Cần Thơ | ||